000 00708cam a22002533a 4500
001 19168
003 PGUSA
005 20140828083415.0
008 060903s2006||||xxu|||||s|||||000 | eng d
040 _aPGUSA
_beng
042 _adc
050 4 _aRA
100 1 _aGlueck, Bernard,
_d1883-
245 1 0 _aStudies in Forensic Psychiatry
_h[electronic resource] /
_cBernard Glueck
260 _bProject Gutenberg,
_c2006
506 _aPublic domain in the USA.
516 _aElectronic text
653 _aPsychology, Pathological
653 _aInsanity (Law)
653 _aMentally ill offenders
830 0 _aProject Gutenberg
_v19168
856 4 0 _uhttp://www.gutenberg.org/ebooks/19168
942 _cEB
999 _c248423
_d248423